La maldición de la niebla pirata /
Tu tío escribe libros muy exitosos sobre aventuras de alto riesgo. Vive su vida como los héroes de sus novelas: ¡vertiginosa y apasionadamente! En su última investigación lo acompañas a Guyana, con la esperanza de encontrar un barco hundido que, según dice, contiene un tesoro. Te intrigan los relato...
Guardado en:
| Autor Principal: | |
|---|---|
| Otros Autores: | |
| Formato: | Libro |
| Idioma: | Undetermined |
| Publicado: |
Buenos Aires :
Atlántida,
2019.
|
| Edición: | 1a ed. 2a reimp. |
| Series: | Elige tu propia aventura ;
17 |
| Materias: | |
| Etiquetas: |
Agregar Etiqueta
Sin Etiquetas, Sea el primero en etiquetar este registro!
|
| LEADER | 01394nam a22002655a 4500 | ||
|---|---|---|---|
| 001 | CEM.cems021295 | ||
| 008 | 240710s2019####ag############000#0#und#d | ||
| 005 | 20260616150600.0 | ||
| 245 | 1 | 0 | |a La maldición de la niebla pirata / |c Doug Wilhelm ; ilustrado por Vladimir Semionov. |
| 250 | |a 1a ed. 2a reimp. | ||
| 260 | |a Buenos Aires : |b Atlántida, |c 2019. | ||
| 300 | |a 143 p. | ||
| 490 | 1 | |a Elige tu propia aventura ; |v 17 | |
| 500 | |a Traducción: Emilia Ghelfi. | ||
| 520 | |a Tu tío escribe libros muy exitosos sobre aventuras de alto riesgo. Vive su vida como los héroes de sus novelas: ¡vertiginosa y apasionadamente! En su última investigación lo acompañas a Guyana, con la esperanza de encontrar un barco hundido que, según dice, contiene un tesoro. Te intrigan los relatos acerca de una extraña niebla púrpura que cubre a los que se acercan demasiado al lugar. Pero tú y tu tío no son los únicos en busca del barco. Muchas personas poderosas se interponen en el camino. | ||
| 020 | |a 9789500844604 | ||
| 100 | 1 | |a Wilhelm, Doug. | |
| 700 | 1 | |a Semionov, Vladimir; il. | |
| 653 | |a Literatura juvenil | ||
| 653 | |a Literatura estadounidense | ||
| 653 | |a Novela de aventuras | ||
| 653 | |a Novela juvenil | ||
| 653 | |a Novela estadounidense | ||
| 859 | |a CEMS |b BIB. CEMS - 11 de abril |h 813.5 |i W649 |p 29496.24 |t Ej.1 | ||
| 859 | |a CEMS |b BIB. CEMS - 11 de abril |h 813.5 |i W649 |p 30825.26 |t Ej.2 | ||
